| 000 | 00452 a2200157 4500 | ||
|---|---|---|---|
| 999 |
_c7611 _d7611 |
||
| 020 | _a978020513418 | ||
| 050 | _aHN 17.5 EIT 1994 | ||
| 100 |
_aEitzen Stanely D _eAUTHOR |
||
| 245 |
_aSocial problems. _cD. Stanley Eitzen |
||
| 264 |
_aBoston: _bSinon and schuster, _c1994 |
||
| 300 | _a620p.: | ||
| 500 | _aincludes index. | ||
| 650 |
_aSocial problems _xUnited states of America |
||
| 700 |
_aMaxine Baca Zinn _qauthor |
||
| 942 |
_2lcc _cBK _h17.5 _iEIT _kHN |
||